Movies Quiz

Random Movies or Disney Quiz

Parting Shots II - Disney Edition Quiz Stats

Quiz Updated May 12, 2015

Also try: Parting Shots III
Challenge
Share
Tweet
Score 0/20 Timer 05:00
5 Plays Today
% Correct
The Lion King
99.8%
Alice in Wonderland
95.6%
Mulan
92.8%
Pocahontas
85.6%
Aladdin
82%
Hercules
77.9%
Beauty and the Beast
77%
The Jungle Book
69.3%
The Emperor's New Groove
67.7%
Peter Pan
65.3%
% Correct
Cinderella
57.3%
Sleeping Beauty
48.6%
The Hunchback of Notre Dame
44.1%
The Aristocats
43.3%
Snow White and the Seven Dwarfs
40.9%
Robin Hood
33.7%
The Sword in the Stone
29.5%
101 Dalmatians
19%
The Princess and the Frog
14.1%
Fantasia
5.9%

You're not logged in!

Compare scores with friends on all Sporcle quizzes.
Sign Up with Email
OR
Log In

You Might Also Like...

Show Comments

Extras

Top Quizzes Today


Score Distribution

Your Account Isn't Verified!

In order to create a playlist on Sporcle, you need to verify the email address you used during registration. Go to your Sporcle Settings to finish the process.